[Event "Open de Provence"]
[Site "Meyreuil"]
[Date "2009.07.07"]
[Round "3.16"]
[White "Scamaroni, Jean-Paul"]
[Black "Estevez, Ange"]
[Result "1-0"]
[WhiteElo "1830"]
[BlackElo "1640"]
[PlyCount "63"]

1. d4 e5 2. d5 Nf6 3. c4 d6 4. Nc3 Bf5 5. Bg5 Be7 6. Bxf6 Bxf6 7. e4 Bg6 8. Bd3
O-O 9. Nge2 c6 10. O-O Nd7 11. b4 Bg5 12. Ng3 Nf6 13. Rb1 h5 14. a4 cxd5 15.
exd5 Bxd3 16. Qxd3 g6 17. Nge4 Nh7 18. c5 Be7 19. Nb5 f5 20. Nexd6 e4 21. Qb3
Nf6 22. Nxf5 a6 23. Nxe7+ Qxe7 24. d6+ Qf7 25. Nc7 Qxb3 26. Rxb3 Rac8 27. f3
exf3 28. Rfxf3 Nd7 29. Ne6 Rxf3 30. Rxf3 Nf8 31. Rxf8+ Rxf8 32. d7 1-0

[Event "Open de Provence"]
[Site "Meyreuil"]
[Date "2009.07.07"]
[Round "3.17"]
[White "Vighetti, Patrice"]
[Black "Giry, Valentin"]
[Result "1-0"]
[WhiteElo "1690"]
[BlackElo "1370"]
[PlyCount "65"]

1. d4 d5 2. Nf3 e6 3. Bf4 c5 4. c3 Nf6 5. e3 Nc6 6. Bb5 Bd7 7. Nbd2 a6 8. Ba4
Be7 9. O-O O-O 10. Bc2 b5 11. e4 dxe4 12. Nxe4 Nxe4 13. Bxe4 Rc8 14. dxc5 Bxc5
15. Bxh7+ Kxh7 16. Ng5+ Kg8 17. Qh5 Re8 18. Qh7+ Kf8 19. Qh8+ Ke7 20. Qxg7 Rf8
21. Nh7 Rg8 22. Bg5+ Kd6 23. Qxf7 Qe8 24. Qf4+ e5 25. Qd2+ Kc7 26. Nf6 Qg6 27.
Qxd7+ Kb6 28. b4 Nxb4 29. cxb4 Bxb4 30. Be3+ Ka5 31. Nxg8 Rxg8 32. Qc7+ Ka4 33.
g3 1-0

[Event "Open de Provence"]
[Site "Meyreuil"]
[Date "2009.07.07"]
[Round "3.18"]
[White "Flores, Francisco"]
[Black "Giry, Jean-Marc"]
[Result "0-1"]
[WhiteElo "1810"]
[BlackElo "2006"]
[PlyCount "96"]

1. e4 e6 2. d4 d5 3. Nc3 Bb4 4. e5 c5 5. a3 Bxc3+ 6. bxc3 Qa5 7. Bd2 Qa4 8. Nf3
Nc6 9. Bd3 cxd4 10. cxd4 Nxd4 11. Ng5 g6 12. O-O Nc6 13. Qe2 Bd7 14. Rfb1 b6
15. Bb4 h6 16. Nh3 Nge7 17. c3 Nxb4 18. axb4 Qc6 19. Rc1 b5 20. Qe3 a6 21. Qf3
Bc8 22. Nf4 Bb7 23. Qg4 O-O-O 24. Ne2 Kb8 25. Nd4 Qc7 26. Qe2 Nc6 27. Bxb5 axb5
28. Nxb5 Qxe5 29. Qa2 Kc8 30. c4 d4 31. Na7+ Kd7 32. Nxc6 Bxc6 33. Qa7+ Ke8 34.
b5 Bd7 35. b6 Kf8 36. c5 Bc6 37. Re1 Qd5 38. f3 Kg7 39. Qc7 Rd7 40. Re5 Rxc7
41. Rxd5 Bxd5 42. bxc7 Rc8 43. Ra7 Kf6 44. Kf2 Ke7 45. Ke2 Kd7 46. Kd3 e5 47.
f4 exf4 48. Kxd4 Bxg2 0-1

[Event "Open de Provence"]
[Site "Meyreuil"]
[Date "2009.07.07"]
[Round "3.19"]
[White "Benezra, David"]
[Black "Fayette, Sylvain"]
[Result "0-1"]
[WhiteElo "1440"]
[BlackElo "2023"]
[PlyCount "74"]

1. e4 e6 2. Nf3 d5 3. e5 c5 4. b4 cxb4 5. a3 Nc6 6. axb4 Bxb4 7. c3 Be7 8. Ba3
f6 9. Bb5 Bd7 10. Bxc6 Bxc6 11. O-O fxe5 12. Bxe7 Qxe7 13. Nxe5 Nf6 14. d4 O-O
15. Nd2 Bb5 16. Re1 a6 17. Re3 Rac8 18. Rh3 Rc7 19. Rc1 Rfc8 20. g4 Ne4 21.
Nxe4 dxe4 22. f4 Qf6 23. Qd2 g6 24. Qf2 Rf8 25. g5 Qxf4 26. Qxf4 Rxf4 27. Kg2
Be2 28. Re3 Bf3+ 29. Nxf3 Rxf3 30. Rxf3 exf3+ 31. Kxf3 Kf7 32. h4 e5 33. dxe5
Ke6 34. Ke4 Rc4+ 35. Kd3 Rxh4 36. Rg1 Kxe5 37. c4 Rh3+ 0-1

[Event "Open de Provence"]
[Site "Meyreuil"]
[Date "2009.07.07"]
[Round "3.20"]
[White "Derien, Robert"]
[Black "Aubry, Michel"]
[Result "1-0"]
[WhiteElo "1801"]
[BlackElo "1499"]
[PlyCount "59"]

1. e4 e5 2. f4 exf4 3. Nf3 d5 4. exd5 Nf6 5. c4 Bd6 6. Be2 O-O 7. O-O Bg4 8. d4
c6 9. c5 Bc7 10. d6 Ba5 11. a3 Bxf3 12. Bxf3 Qd7 13. Bxf4 Bd8 14. Nc3 a6 15. b3
b5 16. g4 h6 17. Nxb5 cxb5 18. Bxa8 Qc8 19. h3 Nc6 20. Bxc6 Qxc6 21. Qf3 Nd5
22. Rae1 g5 23. Re5 gxf4 24. Rxd5 Qd7 25. Qxf4 Bg5 26. Rxg5+ hxg5 27. Qxg5+ Kh8
28. Qf6+ Kg8 29. Rf5 Qxf5 30. Qxf5 1-0

[Event "Open de Provence"]
[Site "Meyreuil"]
[Date "2009.07.07"]
[Round "3.21"]
[White "Bizien, Antoine"]
[Black "Flores, Adrian"]
[Result "0-1"]
[WhiteElo "1400"]
[BlackElo "1680"]
[PlyCount "62"]

1. e4 c5 2. Nf3 d6 3. d4 cxd4 4. Nxd4 Nf6 5. Nc3 a6 6. Bg5 e5 7. Nf3 Be7 8. Bd3
Nc6 9. O-O Bg4 10. h3 Bh5 11. Be2 h6 12. Bh4 g5 13. Bg3 Bg6 14. Qd3 Nb4 15. Qc4
Nc6 16. Bd3 Rc8 17. Qb3 Na5 18. Qa3 d5 19. b4 dxe4 20. Bxe4 Nxe4 21. Nxe4 Bxe4
22. Qxa5 Qxa5 23. bxa5 f6 24. Rab1 Rxc2 25. Rfe1 Re2 26. Rxb7 Rxe1+ 27. Nxe1
Bxb7 28. Nd3 O-O 29. Nb2 Bd5 30. a4 Bd6 31. Nd3 Rc8 0-1

[Event "Open de Provence"]
[Site "Meyreuil"]
[Date "2009.07.07"]
[Round "3.22"]
[White "Noireaut, Hoan"]
[Black "Benezra, Amos"]
[Result "1-0"]
[WhiteElo "1500"]
[BlackElo "1410"]
[PlyCount "83"]

1. d4 Nf6 2. Nf3 g6 3. Bg5 Bg7 4. e3 d6 5. Bc4 O-O 6. c3 Ne4 7. Qb3 c6 8. O-O
Nxg5 9. Nxg5 d5 10. Bd3 e5 11. Nh3 Bxh3 12. gxh3 Qg5+ 13. Kh1 b6 14. Rg1 Qh4
15. Rg3 Qf6 16. Nd2 Qxf2 17. Qc2 Qf6 18. Rf1 Qe7 19. e4 exd4 20. exd5 c5 21.
Be4 Qd7 22. cxd4 Bxd4 23. Nf3 Bg7 24. Nh4 Na6 25. Qc4 b5 26. Qd3 Nb4 27. Qb3
Rad8 28. Rd1 f5 29. Bg2 Rfe8 30. a3 Na6 31. Re3 Rxe3 32. Qxe3 Nc7 33. Qxc5 a6
34. d6 Bxb2 35. Bc6 Qe6 36. Nf3 Qe2 37. Re1 Ne6 38. Qd5 Qc4 39. Qxe6+ Qxe6 40.
Rxe6 Kf7 41. Ng5+ Kg7 42. d7 1-0

[Event "Open de Provence"]
[Site "Meyreuil"]
[Date "2009.07.08"]
[Round "4.1"]
[White "Apicella, Manuel"]
[Black "Guidarelli, Laurent"]
[Result "1/2-1/2"]
[WhiteElo "2525"]
[BlackElo "2436"]
[PlyCount "22"]

1. e4 e5 2. Nf3 Nc6 3. Bb5 Nd4 4. Nxd4 exd4 5. O-O Bc5 6. c3 c6 7. Ba4 Ne7 8.
b4 Bb6 9. Bb2 d5 10. d3 dxc3 11. Nxc3 O-O 1/2-1/2

[Event "Open de Provence"]
[Site "Meyreuil"]
[Date "2009.07.08"]
[Round "4.2"]
[White "Chauvet, Vincent"]
[Black "Nobili, Denis"]
[Result "1-0"]
[WhiteElo "1904"]
[BlackElo "1944"]
[PlyCount "87"]

1. e4 e5 2. f4 exf4 3. Bc4 Nf6 4. Nc3 c6 5. d4 d5 6. exd5 cxd5 7. Bb5+ Bd7 8.
Bxd7+ Qxd7 9. Bxf4 Bb4 10. Nge2 O-O 11. O-O Nc6 12. Nb1 Rfe8 13. c3 Bd6 14.
Bxd6 Qxd6 15. Ng3 Ne4 16. Nf5 Qg6 17. Nd2 Nxd2 18. Qxd2 Re6 19. Rae1 Rae8 20.
Rxe6 Rxe6 21. c4 Ne7 22. Qa5 Nc6 23. Qc7 h6 24. cxd5 Re2 25. Ng3 Rxb2 26. dxc6
bxc6 27. Qxa7 h5 28. Qe7 Rxa2 29. Qe8+ Kh7 30. Qxf7 Qxf7 31. Rxf7 Rd2 32. Rf4
g5 33. Re4 Kg6 34. Re6+ Kf7 35. Rxc6 Rxd4 36. Nxh5 Rd2 37. Ng3 Ra2 38. Ne4 Ra1+
39. Kf2 Ra2+ 40. Kf3 g4+ 41. Kg3 Ra3+ 42. Kxg4 Ra2 43. Kg3 Ra3+ 44. Rc3 1-0

[Event "Open de Provence"]
[Site "Meyreuil"]
[Date "2009.07.08"]
[Round "4.3"]
[White "Jean, Olivier"]
[Black "Tholey, Jean-Paul"]
[Result "0-1"]
[WhiteElo "2217"]
[BlackElo "2008"]
[PlyCount "78"]

1. Nf3 d5 2. c4 e6 3. g3 Nf6 4. Bg2 Bd6 5. O-O O-O 6. b3 Nbd7 7. Bb2 c6 8. Qc2
b6 9. d4 Bb7 10. Nbd2 Rc8 11. e4 Nxe4 12. Nxe4 dxe4 13. Qxe4 Nf6 14. Qc2 h6 15.
c5 Be7 16. Rfe1 Nd5 17. Rad1 bxc5 18. dxc5 Qa5 19. Ne5 Rfd8 20. Bd4 Nf6 21.
Nxf7 Rxd4 22. Nxh6+ gxh6 23. Qg6+ Kf8 24. Bh3 Rxd1 25. Rxd1 Qxc5 26. Bxe6 Qh5
27. Qxh5 Nxh5 28. Bxc8 Bxc8 29. Rd4 Be6 30. Ra4 Bd5 31. Rxa7 Nf6 32. Kf1 Kf7
33. Ke2 Ke6 34. f3 Nd7 35. Ra4 Ne5 36. f4 Bf3+ 37. Kd2 Ng4 38. h3 Nf6 39. Rc4
Bd5 0-1

[Event "Open de Provence"]
[Site "Meyreuil"]
[Date "2009.07.08"]
[Round "4.4"]
[White "Jeanjean, Dominique"]
[Black "Nakache, Jonathan"]
[Result "0-1"]
[WhiteElo "2151"]
[BlackElo "1905"]
[PlyCount "145"]

1. e4 c5 2. Nf3 Nc6 3. d4 cxd4 4. Nxd4 Nf6 5. Nc3 e5 6. Ndb5 d6 7. Bg5 a6 8.
Na3 b5 9. Nd5 Be7 10. Bxf6 Bxf6 11. c3 O-O 12. Nc2 Bg5 13. a4 bxa4 14. Rxa4 a5
15. Bd3 Be6 16. Nce3 Bxe3 17. Nxe3 Rb8 18. Qa1 Qb6 19. b4 axb4 20. Nd5 Qc5 21.
cxb4 Nxb4 22. Nxb4 Rxb4 23. O-O Rxa4 24. Qxa4 Qc3 25. Qc2 Qxc2 26. Bxc2 Rc8 27.
Bd3 Rc3 28. Ba6 f5 29. f3 d5 30. exd5 Bxd5 31. Rd1 Be6 32. Bb7 Kf7 33. Bd5 Rc2
34. Bxe6+ Kxe6 35. Rd8 e4 36. Re8+ Kf7 37. Re5 Kf6 38. Re8 exf3 39. gxf3 g6 40.
Ra8 Kg5 41. Ra4 Kf6 42. Rb4 g5 43. h4 gxh4 44. Rxh4 Kg6 45. Ra4 Kg5 46. Rb4 h5
47. Ra4 h4 48. Rb4 h3 49. Ra4 Rg2+ 50. Kf1 Rg3 51. Kf2 h2 52. Ra1 Kh4 53. Ra8
Rxf3+ 54. Kg2 Rg3+ 55. Kxh2 f4 56. Ra7 Kg4 57. Ra4 Rb3 58. Kg2 Rb2+ 59. Kf1 Kg3
60. Ra8 Rb1+ 61. Ke2 f3+ 62. Ke3 Rb3+ 63. Kd2 Kf2 64. Rf8 Kf1 65. Rg8 f2 66.
Rg7 Rb6 67. Rg8 Rd6+ 68. Kc2 Rd4 69. Kc3 Rd5 70. Kc2 Ke2 71. Re8+ Kf3 72. Rf8+
Ke3 73. Re8+ 0-1

[Event "Open de Provence"]
[Site "Meyreuil"]
[Date "2009.07.08"]
[Round "4.5"]
[White "Deleau, Denis"]
[Black "Baquer, Marc"]
[Result "0-1"]
[WhiteElo "2150"]
[BlackElo "1807"]
[PlyCount "44"]

1. e4 e6 2. Nf3 d5 3. e5 c5 4. b4 cxb4 5. d4 Nc6 6. a3 Bd7 7. axb4 Bxb4+ 8. c3
Be7 9. Bd3 f6 10. exf6 Nxf6 11. Qe2 Rc8 12. O-O O-O 13. Ng5 e5 14. dxe5 Ne4 15.
Nxe4 dxe4 16. Bxe4 Bf5 17. Bxc6 Rxc6 18. Qa2+ Be6 19. Qxa7 Bc5 20. Qxb7 Bxf2+
21. Kh1 Bd5 22. Qb5 Rg6 0-1

[Event "Open de Provence"]
[Site "Meyreuil"]
[Date "2009.07.08"]
[Round "4.6"]
[White "Sartre, Guilhem"]
[Black "Lemiere, Frederic"]
[Result "0-1"]
[WhiteElo "1677"]
[BlackElo "2109"]
[PlyCount "74"]

1. d4 e6 2. c4 d5 3. Nc3 c5 4. cxd5 exd5 5. Nf3 Nc6 6. e3 Nf6 7. Be2 Bd6 8. O-O
O-O 9. Nb5 Be7 10. dxc5 Bxc5 11. Nbd4 Bb6 12. Bb5 Bd7 13. Ba4 Re8 14. Bc2 Rc8
15. b3 Ne4 16. Bb2 Bg4 17. Bxe4 Rxe4 18. h3 Bxd4 19. exd4 Bh5 20. Rc1 Qf6 21.
Rc3 Rce8 22. Re3 Rxe3 23. fxe3 Rxe3 24. Re1 Qe6 25. Qd2 Rxe1+ 26. Qxe1 Bxf3 27.
Qxe6 fxe6 28. gxf3 Kf7 29. Kg2 Kf6 30. Kg3 Kf5 31. a3 Na5 32. b4 Nc4 33. Bc1 b5
34. h4 h5 35. Kf2 e5 36. dxe5 Kxe5 37. Ke2 Kd4 0-1

[Event "Open de Provence"]
[Site "Meyreuil"]
[Date "2009.07.08"]
[Round "4.7"]
[White "Girard, Jean-Pierre"]
[Black "Loysel, Yves"]
[Result "0-1"]
[WhiteElo "1938"]
[BlackElo "1870"]
[PlyCount "88"]

1. e4 c5 2. Nf3 d6 3. d4 cxd4 4. Nxd4 Nf6 5. Nc3 g6 6. Be3 Bg7 7. f3 O-O 8. Qd2
Nc6 9. Bc4 Nd7 10. Nxc6 bxc6 11. Bb3 Nb6 12. O-O Ba6 13. Rfd1 Nc4 14. Bxc4 Bxc4
15. b3 Be6 16. Bd4 Bxd4+ 17. Qxd4 Qb6 18. Ne2 c5 19. Qe3 Rad8 20. c4 Qb7 21.
Qg5 f6 22. Qe3 Bf7 23. Re1 Kg7 24. Nc3 Rfe8 25. Rad1 a6 26. Kf2 e6 27. Qf4 Qb4
28. Qc1 Qb8 29. Kg1 Qa7 30. Qa3 Rd7 31. Kf1 Red8 32. Qc1 Qc7 33. g3 h5 34. Kg2
Rh8 35. h4 Rhd8 36. f4 Qc6 37. Kh3 d5 38. exd5 exd5 39. cxd5 Bxd5 40. Na4 c4
41. Qb2 Bf3 42. Rxd7+ Rxd7 43. Qf2 c3 44. Nc5 Rd2 0-1

[Event "Open de Provence"]
[Site "Meyreuil"]
[Date "2009.07.08"]
[Round "4.8"]
[White "Battaglia, Gerard"]
[Black "Navarro, Bertrand"]
[Result "1-0"]
[WhiteElo "1912"]
[BlackElo "1790"]
[PlyCount "79"]

1. d4 Nf6 2. c4 g6 3. Nc3 Bg7 4. e4 d6 5. f4 O-O 6. Be2 e5 7. fxe5 dxe5 8. d5
Na6 9. Be3 Nd7 10. Nf3 Re8 11. a3 c6 12. dxc6 bxc6 13. b4 Nc7 14. O-O Bb7 15.
Qb3 h6 16. Rad1 Qe7 17. c5 Rad8 18. Bc4 Ne6 19. Rd6 Ndf8 20. Rfd1 Rxd6 21. cxd6
Qd7 22. Bxa7 Ba6 23. Bc5 Nxc5 24. bxc5 Bxc4 25. Qxc4 Ne6 26. Rb1 Qa7 27. Rb6
Qxa3 28. Rxc6 Qc1+ 29. Kf2 Rb8 30. Rb6 Rxb6 31. cxb6 Qb2+ 32. Kf1 Qxb6 33. d7
Bf6 34. Nd5 Qb1+ 35. Kf2 Bd8 36. Qc3 Qxe4 37. Qxe5 Qxe5 38. Nxe5 Kf8 39. Nc6
Ba5 40. Nxa5 1-0

[Event "Open de Provence"]
[Site "Meyreuil"]
[Date "2009.07.08"]
[Round "4.9"]
[White "Colandrea, Sauveur"]
[Black "Noireaut, Hung"]
[Result "1-0"]
[WhiteElo "1901"]
[BlackElo "1746"]
[PlyCount "35"]

1. e4 Nf6 2. Nc3 d5 3. e5 Nfd7 4. Nxd5 Nxe5 5. c4 Bg4 6. Qa4+ Nbc6 7. d4 e6 8.
dxe5 exd5 9. f3 Be6 10. Bd2 dxc4 11. O-O-O Bd7 12. e6 Bxe6 13. Bxc4 Bxc4 14.
Qxc4 Bd6 15. Nh3 O-O 16. Ng5 Ne5 17. Qc2 Qf6 18. Qxh7# 1-0

[Event "Open de Provence"]
[Site "Meyreuil"]
[Date "2009.07.08"]
[Round "4.10"]
[White "Giry, Jean-Marc"]
[Black "Scamaroni, Jean-Paul"]
[Result "1-0"]
[WhiteElo "2006"]
[BlackElo "1830"]
[PlyCount "102"]

1. c4 c5 2. g3 g6 3. Bg2 Bg7 4. e4 d6 5. Ne2 Nc6 6. Nbc3 Nf6 7. d3 O-O 8. O-O
Bd7 9. h3 a6 10. Be3 Rb8 11. Qd2 Ne8 12. f4 b5 13. f5 b4 14. Nd5 Nc7 15. Ndf4
Ne5 16. g4 Qc8 17. Rac1 Nc6 18. d4 cxd4 19. Nxd4 a5 20. Nde2 Rd8 21. Nd5 Na6
22. f6 exf6 23. Nxf6+ Bxf6 24. Rxf6 Be6 25. b3 Nc5 26. Bh6 Ne5 27. Nd4 Ncd3 28.
Rcf1 Qd7 29. Kh1 Qe7 30. Qg5 Qd7 31. Nf5 Bxf5 32. exf5 Qe7 33. Rxg6+ Nxg6 34.
fxg6 Qxg5 35. gxf7+ Kh8 36. Bxg5 Kg7 37. Bf6+ Kf8 38. Bxd8 Rxd8 39. Be4 Ne5 40.
Bxh7 Rd7 41. Bg8 a4 42. Kg2 a3 43. Rd1 Nxf7 44. Bxf7 Kxf7 45. Kf2 Kg6 46. Kg3
Kh6 47. Rd5 Kg7 48. c5 Rc7 49. cxd6 Rd7 50. Rd4 Kf7 51. Rxb4 Rxd6 1-0

[Event "Open de Provence"]
[Site "Meyreuil"]
[Date "2009.07.08"]
[Round "4.11"]
[White "Vallette, Patrick"]
[Black "Madranges, Julien"]
[Result "1-0"]
[WhiteElo "1855"]
[BlackElo "1904"]
[PlyCount "103"]

1. e4 d5 2. exd5 Qxd5 3. Nc3 Qa5 4. d4 Bf5 5. Nf3 c6 6. Bd3 Bxd3 7. Qxd3 Nf6 8.
Bd2 Nbd7 9. Ne2 Qb6 10. O-O e6 11. Ne5 Be7 12. a4 O-O 13. a5 Qc7 14. f4 Rad8
15. Qf3 c5 16. c3 Nd5 17. Rfc1 b5 18. Ng3 f6 19. Nxd7 Rxd7 20. Qe4 Qd6 21. Re1
Nc7 22. Be3 c4 23. f5 Qd5 24. Bf4 exf5 25. Nxf5 Re8 26. Bxc7 Qxe4 27. Rxe4 Rxc7
28. Rae1 Kf8 29. Kf2 g6 30. Nxe7 Rcxe7 31. Kf3 g5 32. g4 Kf7 33. Rxe7+ Rxe7 34.
Rxe7+ Kxe7 35. Ke4 Ke6 36. a6 Kd6 37. Kf5 Ke7 38. h3 Kf7 39. d5 Ke7 40. Ke4 Kd7
41. Kf5 Ke7 42. d6+ Kxd6 43. Kxf6 Kd5 44. Kxg5 Ke4 45. Kh6 Kd3 46. Kxh7 b4 47.
g5 Kc2 48. g6 Kxb2 49. g7 bxc3 50. g8=Q c2 51. Qxc4 Kb1 52. h4 1-0

[Event "Open de Provence"]
[Site "Meyreuil"]
[Date "2009.07.08"]
[Round "4.12"]
[White "Maury, Claude"]
[Black "Montanelli, Tristan"]
[Result "1-0"]
[WhiteElo "1883"]
[BlackElo "1638"]
[PlyCount "133"]

1. d4 c5 2. d5 e6 3. Nc3 d6 4. e4 Nf6 5. Bg5 Be7 6. Bb5+ Nbd7 7. dxe6 fxe6 8.
Bxf6 gxf6 9. Qh5+ Kf8 10. Qh6+ Kf7 11. Be2 Qf8 12. Qh5+ Kg7 13. O-O-O Rg8 14.
f4 a6 15. Rd3 Qf7 16. Qh3 Kh8 17. Bh5 Qf8 18. Nf3 Qh6 19. g3 e5 20. Bg4 Qxh3
21. Bxh3 Nb6 22. Bxc8 Raxc8 23. Nh4 c4 24. Rd2 exf4 25. gxf4 Rg4 26. Nf5 Bf8
27. Nxd6 Rc7 28. Ne2 Na4 29. h3 Rg2 30. Nf5 c3 31. bxc3 Nxc3 32. Nxc3 Rxd2 33.
Kxd2 Bb4 34. Rb1 Bxc3+ 35. Kd3 Ba5 36. Rb3 b5 37. Nd4 Rd7 38. c3 Rg7 39. Nf5
Rd7+ 40. Kc2 Bc7 41. c4 Bxf4 42. cxb5 axb5 43. Rxb5 Rd2+ 44. Kb3 Rd3+ 45. Kc4
Rxh3 46. a4 h6 47. Rb6 Be5 48. a5 Ra3 49. a6 h5 50. Kb5 Rb3+ 51. Kc6 Rc3+ 52.
Kd5 Ra3 53. Ke6 Ra4 54. Nd6 Bd4 55. Rc6 h4 56. Kf5 Ra2 57. Kg4 Bf2 58. Nf5 Kg8
59. Rxf6 Ra4 60. Kf3 Ra2 61. Kg4 Bc5 62. Rc6 Bf2 63. Nxh4 Kf7 64. Nf5 Ra4 65.
Kf3 Bg1 66. e5 Bh2 67. e6+ 1-0

[Event "Open de Provence"]
[Site "Meyreuil"]
[Date "2009.07.08"]
[Round "4.13"]
[White "Burmonas, Romain"]
[Black "Madranges, Jean"]
[Result "1/2-1/2"]
[WhiteElo "1611"]
[BlackElo "1733"]
[PlyCount "108"]

1. d4 e6 2. Bf4 f5 3. Nd2 Nf6 4. Ngf3 b6 5. e3 Bb7 6. Bd3 Be7 7. c3 O-O 8. Qc2
d5 9. h3 c5 10. g4 c4 11. Be2 Ne4 12. h4 Nd7 13. Nxe4 fxe4 14. Ng5 Bxg5 15.
Bxg5 Qc7 16. O-O-O e5 17. Rdf1 a5 18. h5 b5 19. a3 Qd6 20. Qd2 Bc6 21. dxe5
Nxe5 22. Bf4 Qe7 23. Bxe5 Qxe5 24. f4 Qe7 25. f5 b4 26. cxb4 axb4 27. axb4 Rfb8
28. Kb1 Qa7 29. Qc3 Qa2+ 30. Kc2 Ba4+ 31. Kd2 Qb3 32. Qxb3 Bxb3 33. Ra1 Rxa1
34. Rxa1 Rxb4 35. Ra5 Ba4 36. Kc3 Rb3+ 37. Kd4 Rxb2 38. Kxd5 Rxe2 39. Rxa4 c3
40. Kxe4 Rg2 41. Kf3 Rb2 42. Rc4 c2 43. Ke4 Rb4 44. Rxb4 c1=Q 45. Kf4 Qc7+ 46.
Kf3 Qc6+ 47. Re4 Kf7 48. Kf4 Qd6+ 49. Re5 h6 50. Ke4 Qb4+ 51. Kf3 Qe1 52. Re6
Qg1 53. Rg6 Qh2 54. Ke4 Qg3 1/2-1/2

[Event "Open de Provence"]
[Site "Meyreuil"]
[Date "2009.07.08"]
[Round "4.14"]
[White "Fayette, Sylvain"]
[Black "Vighetti, Patrice"]
[Result "1-0"]
[WhiteElo "2023"]
[BlackElo "1690"]
[PlyCount "67"]

1. e4 e6 2. d4 d5 3. Nd2 Nf6 4. e5 Nfd7 5. Bd3 c5 6. c3 Nc6 7. Ne2 Qb6 8. Nf3
cxd4 9. cxd4 Bb4+ 10. Bd2 Bxd2+ 11. Qxd2 Qb4 12. Rc1 Qxd2+ 13. Nxd2 O-O 14. f4
f6 15. O-O Ne7 16. Nf3 a6 17. g4 fxe5 18. fxe5 Re8 19. Ng5 Nf8 20. Rc7 h6 21.
Nf7 Neg6 22. Nd6 Re7 23. Rxc8 Rxc8 24. Nxc8 Rc7 25. Nd6 a5 26. Kg2 b6 27. Kg3
Nh8 28. Rc1 Rxc1 29. Nxc1 Nf7 30. Nxf7 Kxf7 31. Ne2 g5 32. Nc3 Ke7 33. Na4 Nd7
34. Bb5 1-0

[Event "Open de Provence"]
[Site "Meyreuil"]
[Date "2009.07.08"]
[Round "4.15"]
[White "Jean, Nicolas"]
[Black "Poulain, Cedric"]
[Result "0-1"]
[WhiteElo "1680"]
[BlackElo "1931"]
[PlyCount "66"]

1. e4 e5 2. Nf3 Nf6 3. Nxe5 d6 4. Nf3 Nxe4 5. d4 d5 6. Bf4 Bd6 7. Bxd6 Qxd6 8.
Nbd2 O-O 9. Be2 Qg6 10. O-O Nc6 11. Kh1 Re8 12. Bd3 Qf6 13. Re1 Bf5 14. Bxe4
dxe4 15. d5 exf3 16. dxc6 fxg2+ 17. Kg1 Qxc6 18. c3 Rad8 19. Rxe8+ Qxe8 20. Qe1
Kf8 21. Nb3 Qe4 22. Rd1 Re8 23. Qxe4 Bxe4 24. Re1 Bd5 25. Rxe8+ Kxe8 26. Nd4
Bxa2 27. Kxg2 Kd7 28. Kf3 Bc4 29. Ke4 f6 30. Nf5 g6 31. Nd4 Kd6 32. b3 Bd5+ 33.
Kd3 a6 0-1

[Event "Open de Provence"]
[Site "Meyreuil"]
[Date "2009.07.08"]
[Round "4.16"]
[White "Flores, Adrian"]
[Black "Del Vecchio, Alain"]
[Result "1-0"]
[WhiteElo "1680"]
[BlackElo "1900"]
[PlyCount "59"]

1. e4 c5 2. Nf3 d6 3. d4 cxd4 4. Nxd4 Nf6 5. Nc3 a6 6. Be3 e5 7. Nb3 Be7 8. Qd2
Be6 9. f3 O-O 10. O-O-O Nbd7 11. g4 b5 12. h4 b4 13. Nd5 Bxd5 14. exd5 a5 15.
Kb1 a4 16. Nc1 Nb6 17. Bxb6 Qxb6 18. h5 Nd7 19. g5 Nc5 20. Nd3 b3 21. Nxc5
bxa2+ 22. Kxa2 dxc5 23. g6 h6 24. d6 Bf6 25. Bc4 Rfb8 26. c3 Ra7 27. Rhg1 Rab7
28. gxf7+ Kh8 29. Qxh6+ gxh6 30. Rg8+ 1-0

[Event "Open de Provence"]
[Site "Meyreuil"]
[Date "2009.07.08"]
[Round "4.17"]
[White "Chazeau, Laineur-Lothaire"]
[Black "Derien, Robert"]
[Result "0-1"]
[WhiteElo "1650"]
[BlackElo "1801"]
[PlyCount "70"]

1. d4 Nf6 2. Bf4 d5 3. e3 e6 4. Nf3 Nbd7 5. h3 a6 6. Bd3 c5 7. c3 cxd4 8. exd4
Be7 9. Ne5 Nxe5 10. dxe5 Nd7 11. Nd2 O-O 12. Qh5 g6 13. Qg4 f5 14. Qe2 Nc5 15.
Bc2 b5 16. Nf3 Ne4 17. Nd4 Bd7 18. O-O-O b4 19. cxb4 Bxb4 20. f3 Nc5 21. Bh6
Rf7 22. h4 Rc8 23. Bd2 Qb6 24. h5 Na4 25. Nb3 Bb5 26. Qe3 Bc5 27. Nxc5 Rxc5 28.
Kb1 Bd3 29. Bc3 Nxc3+ 30. Ka1 Bxc2 31. hxg6 Rb7 32. gxh7+ Kh8 33. b3 Qa5 34. a4
Rxb3 35. Rd4 Nxa4 0-1

[Event "Open de Provence"]
[Site "Meyreuil"]
[Date "2009.07.08"]
[Round "4.18"]
[White "Estevez, Ange"]
[Black "Benali, Boubaker"]
[Result "1/2-1/2"]
[WhiteElo "1640"]
[BlackElo "1770"]
[PlyCount "101"]

1. e4 c5 2. Nf3 d6 3. d4 cxd4 4. Qxd4 Nc6 5. Bb5 Bd7 6. Bxc6 Bxc6 7. Nc3 Nf6 8.
Bg5 e6 9. O-O-O Be7 10. e5 dxe5 11. Qxe5 Qb6 12. Be3 Qb4 13. Rd4 Qb6 14. Rdd1
Qa6 15. Bc5 Bxc5 16. Qxc5 Qb6 17. Qg5 O-O 18. Nd4 Rac8 19. Rd3 Ne4 20. Nxe4
Bxe4 21. Rd2 Rc5 22. Qe3 Bd5 23. Nb3 Rc6 24. Qxb6 Rxb6 25. f3 Rc8 26. Kb1 Kf8
27. Re1 Rd6 28. Red1 Bxb3 29. cxb3 Rxd2 30. Rxd2 Ke7 31. a4 Rc6 32. Rd3 Rd6 33.
Kc2 e5 34. Kd2 a5 35. Ke3 f5 36. Rc3 Kd7 37. g3 Rc6 38. Rd3+ Ke7 39. Rc3 Kd7
40. Rd3+ Ke6 41. Rc3 Rd6 42. Rc7 Rd7 43. Rc5 b6 44. Rb5 Rd6 45. b4 axb4 46.
Rxb4 Rc6 47. g4 g6 48. gxf5+ gxf5 49. Rh4 Rc7 50. Rh6+ Kd5 51. Rxb6 1/2-1/2

[Event "Open de Provence"]
[Site "Meyreuil"]
[Date "2009.07.08"]
[Round "4.19"]
[White "Nicolai, Eric"]
[Black "Noireaut, Hoan"]
[Result "1-0"]
[WhiteElo "1700"]
[BlackElo "1500"]
[PlyCount "51"]

1. c4 d5 2. cxd5 Qxd5 3. Nc3 Qa5 4. Nf3 Bf5 5. g3 Nf6 6. Bg2 c6 7. O-O e6 8. d3
Bc5 9. Na4 Nbd7 10. a3 O-O 11. Nxc5 Nxc5 12. b4 Qa4 13. bxc5 Qxd1 14. Rxd1 Rfd8
15. Bf4 Rd7 16. h3 Rad8 17. Bd6 b6 18. Ne5 Rb7 19. Bxc6 Rbb8 20. Bxb8 Rxb8 21.
cxb6 Rxb6 22. Bg2 Rb5 23. Rab1 Rxb1 24. Rxb1 h6 25. Rb8+ Kh7 26. Ra8 1-0

[Event "Open de Provence"]
[Site "Meyreuil"]
[Date "2009.07.08"]
[Round "4.20"]
[White "Giry, Valentin"]
[Black "Benezra, David"]
[Result "0-1"]
[WhiteElo "1370"]
[BlackElo "1440"]
[PlyCount "78"]

1. e4 c5 2. Nf3 e6 3. d4 cxd4 4. Nxd4 a6 5. Nc3 b5 6. a3 Bb7 7. Bd3 Qc7 8. O-O
Nf6 9. Re1 d6 10. Nf3 Be7 11. Bd2 O-O 12. Re2 Nbd7 13. a4 b4 14. Na2 a5 15. Nd4
Nc5 16. b3 Ncxe4 17. Be3 d5 18. Nb5 Qe5 19. Bd4 Qg5 20. Be3 Qh4 21. Re1 Ng4 22.
h3 Ngxf2 23. Qe2 Nxd3 24. Qxd3 Rfd8 25. Qe2 Bf6 26. Rad1 Be5 27. Qf3 Qg3 28.
Qxg3 Bxg3 29. Rf1 f6 30. Nc1 Rac8 31. Bb6 Rd7 32. Nd4 Bc7 33. Bxc7 Rdxc7 34.
Nxe6 Rxc2 35. Nd4 Rd2 36. Nf3 Rxd1 37. Rxd1 Rc2 38. Nd4 Rd2 39. Re1 Rxd4 0-1

[Event "Open de Provence"]
[Site "Meyreuil"]
[Date "2009.07.08"]
[Round "4.21"]
[White "Benezra, Amos"]
[Black "Flores, Francisco"]
[Result "0-1"]
[WhiteElo "1410"]
[BlackElo "1810"]
[PlyCount "70"]

1. e4 e5 2. d4 exd4 3. c3 dxc3 4. Nxc3 Nc6 5. Nf3 d6 6. Bc4 Bg4 7. Bxf7+ Kxf7
8. Ng5+ Ke8 9. Qxg4 Ne5 10. Qd1 Nf6 11. f4 Nf7 12. Ne6 Qd7 13. Nb5 Rc8 14. Qa4
a6 15. Nbxc7+ Rxc7 16. Nxc7+ Kd8 17. Qxd7+ Kxd7 18. Nd5 Nxe4 19. O-O h6 20. Nc3
Nf6 21. Bd2 d5 22. a3 Bc5+ 23. Kh1 Nd6 24. b4 Ba7 25. Rae1 Rc8 26. Na4 Nc4 27.
Bc1 Ne4 28. Rf3 Nf2+ 29. Rxf2 Bxf2 30. Rf1 Ba7 31. h3 b5 32. Nb2 Nxa3 33. Nd3
Nc4 34. Rf3 g6 35. g4 Rf8 0-1

[Event "Open de Provence"]
[Site "Meyreuil"]
[Date "2009.07.08"]
[Round "4.22"]
[White "Aubry, Michel"]
[Black "Bizien, Antoine"]
[Result "1-0"]
[WhiteElo "1499"]
[BlackElo "1400"]
[PlyCount "43"]

1. f4 d5 2. Nf3 Nc6 3. e3 Bg4 4. b3 e5 5. fxe5 Nxe5 6. Be2 Nxf3+ 7. Bxf3 Bxf3
8. Qxf3 Nf6 9. O-O Bd6 10. Bb2 Be7 11. Nc3 c6 12. Rae1 Qd6 13. Ne2 O-O-O 14.
Ng3 Rhg8 15. d3 Rdf8 16. Nf5 Qe6 17. Qh3 g6 18. Nxe7+ Kd8 19. Qxe6 fxe6 20.
Bxf6 Rxf6 21. Nxg8 Rxf1+ 22. Rxf1 1-0